000 00301nam a22001337a 4500
008 170308b xxu||||| |||| 00| 0 eng d
020 _a9780321556660
041 _aeng
080 _a611
100 _a6
101 _ashm
245 _aPRINCIPLES OF HUMAN PHYSIOLOGY
_cSTANFIELD, S.L
942 _2udc
_cBK
999 _c7052
_d7052